| 000 | 00426nam a2200181Ia 4500 | ||
|---|---|---|---|
| 005 | 20140402142505.0 | ||
| 008 | 140130s9999 xx 000 0 und d | ||
| 050 |
_aPZ 3 _b.M398 2004 |
||
| 245 |
_cJane Mason _aLet Down your Hair |
||
| 260 |
_bScholastic, _c2004 |
||
| 300 |
_a134 p. : _bill. ; _c21 cm. |
||
| 440 |
_v1 _931174 |
||
| 521 | _aG5 | ||
| 526 | _c700 | ||
| 942 |
_cBK _2lcc |
||
| 999 |
_c41071 _d41071 |
||